000 00337cam a22001217a 4500
008 180718b1965 xxu||||| |||| 00| 0 eng d
082 _aR86x54 Sh86
100 _aVaid, K.N.
245 _aIndustrial disputes in India
_cby K.N. Vaid
260 _aNew Delhi
_bShri Ram Centre Press
_c1965
300 _a36p.
650 _aLabour disputes-India
999 _c435059
_d435059